[Event "Figueira 2023"]
[Site "?"]
[Date "2023.11.06"]
[Round "2.14"]
[White "Barski, Radoslaw"]
[Black "Fernandes, Joao Pedro Murtinho"]
[Result "1-0"]
[BlackElo "2149"]
[WhiteElo "2437"]
[LiveChessVersion "1.4.8"]

1. e4 c5 2. Nf3 d6 3. Bb5+ Nd7 4. c3 Ngf6 5. Qe2 a6 6. Ba4 b5 7. Bc2 e5 8. O-O
Be7 9. d4 Bb7 10. d5 O-O 11. a4 c4 12. Na3 Nc5 13. h3 Bc8 14. Be3 Nfxe4 15. axb5
axb5 16. Nxb5 Bd7 17. Na3 f5 18. Qxc4 Rc8 19. Nxe5 dxe5 20. d6+ Be6 21. dxe7 Qxe7
22. Qe2 Bd5 23. Rfd1 Ba8 24. Nc4 Qe6 25. Ra7 Kh8 26. Bxc5 Rxc5 27. Ne3 Bc6 28.
Bxe4 Bxe4 29. Rdd7 Rg8 30. f3 Bc6 31. Re7 Qg6 32. Rac7 h6 33. Nc4 e4 34. f4 Ra8
35. Kh2 Rxc4 36. Qxc4 Qd6 37. Qd4 Qxd4 38. cxd4 Bd5 39. Rxg7 Ra2 40. Rh7+ Kg8 41.
Rhd7 1-0

[Event "Figueira 2023"]
[Site "?"]
[Date "2023.11.06"]
[Round "2.15"]
[White "Santos, Antonio P"]
[Black "Stella, Andrea"]
[Result "0-1"]
[BlackElo "2431"]
[WhiteElo "2195"]
[LiveChessVersion "1.4.8"]

1. d4 {[%clk 1:29:40]} Nf6 {[%clk 1:29:43]} 2. c4 {[%clk 1:29:50]} e6
{[%clk 1:30:08]} 3. g3 {[%clk 1:29:03]} d5 {[%clk 1:30:09]} 4. Bg2
{[%clk 1:29:21]} Bb4+ {[%clk 1:30:08]} 5. Bd2 {[%clk 1:29:34]} a5
{[%clk 1:27:51]} 6. Nf3 {[%clk 1:29:44]} dxc4 {[%clk 1:26:23]} 7. O-O
{[%clk 1:30:02]} O-O {[%clk 1:25:20]} 8. Qc2 {[%clk 1:24:43]} Bxd2
{[%clk 1:23:16]} 9. Nbxd2 {[%clk 1:21:24]} b5 {[%clk 1:23:01]} 10. a4
{[%clk 1:21:44]} c6 {[%clk 1:22:38]} 11. b3 {[%clk 1:21:21]} cxb3
{[%clk 1:18:06]} 12. Nxb3 {[%clk 1:21:41]} Ba6 {[%clk 1:13:13]} 13. Rfd1
{[%clk 1:16:38]} bxa4 {[%clk 1:11:41]} 14. Nc5 {[%clk 1:11:50]} Bb5
{[%clk 1:07:28]} 15. Ne5 {[%clk 1:12:08]} Ra7 {[%clk 0:38:35]} 16. Ra3
{[%clk 0:25:45]} Na6 {[%clk 0:09:54]} 17. Nxa4 {[%clk 0:15:00]} Qd6
{[%clk 0:04:52]} 18. Raa1 {[%clk 0:08:47]} Nb4 {[%clk 0:04:10]} 19. Qd2
{[%clk 0:08:44]} Nd7 {[%clk 0:02:51]} 20. Nxd7 {[%clk 0:07:43]} Qxd7
{[%clk 0:03:15]} 21. Nc5 {[%clk 0:07:54]} Qe7 {[%clk 0:03:07]} 22. Nb3
{[%clk 0:05:05]} a4 {[%clk 0:02:11]} 23. Nc5 {[%clk 0:05:34]} Nd5
{[%clk 0:02:28]} 24. Bxd5 {[%clk 0:02:38]} exd5 {[%clk 0:02:37]} 25. e3
{[%clk 0:03:06]} h5 {[%clk 0:02:23]} 26. h4 {[%clk 0:03:13]} a3 {[%clk 0:02:10]}
27. Nd3 {[%clk 0:01:18]} Bxd3 {[%clk 0:01:52]} 28. Qxd3 {[%clk 0:01:46]} Rfa8
{[%clk 0:02:00]} 29. Rdc1 {[%clk 0:01:53]} Ra6 {[%clk 0:02:07]} 30. Ra2
{[%clk 0:02:15]} g6 {[%clk 0:02:06]} 31. Rc3 {[%clk 0:02:22]} Qd6
{[%clk 0:01:45]} 32. Kg2 {[%clk 0:02:41]} Ra4 {[%clk 0:01:17]} 33. Qc2
{[%clk 0:02:43]} R8a6 {[%clk 0:01:39]} 34. Rb3 {[%clk 0:01:40]} Kg7
{[%clk 0:01:49]} 35. Rc3 {[%clk 0:01:06]} Qe6 {[%clk 0:00:44]} 36. Qc1
{[%clk 0:00:45]} Qd6 {[%clk 0:00:40]} 37. Qc2 {[%clk 0:01:12]} Kf8
{[%clk 0:00:54]} 38. Rb3 {[%clk 0:01:04]} Kg8 {[%clk 0:01:00]} 39. Rc3
{[%clk 0:01:27]} R4a5 {[%clk 0:01:15]} 40. Qc1 {[%clk 0:31:23]} Kh7
{[%clk 0:31:14]} 41. Rc5 {[%clk 0:29:47]} Ra4 {[%clk 0:30:13]} 42. Rc3
{[%clk 0:27:14]} Kg8 {[%clk 0:26:17]} 43. Rb3 {[%clk 0:27:03]} Kg7
{[%clk 0:10:24]} 44. Qc3 {[%clk 0:22:50]} Qe7 {[%clk 0:09:08]} 45. Kh2
{[%clk 0:21:05]} Kh7 {[%clk 0:07:48]} 46. Qc1 {[%clk 0:19:56]} R4a5
{[%clk 0:06:04]} 47. Qc3 {[%clk 0:19:28]} Qa7 {[%clk 0:03:49]} 48. Qc2
{[%clk 0:17:11]} Kg7 {[%clk 0:01:16]} 49. Qc1 {[%clk 0:14:04]} Kh7
{[%clk 0:01:17]} 50. Qc2 {[%clk 0:14:29]} Rb5 {[%clk 0:01:26]} 51. Qd3
{[%clk 0:07:38]} Rxb3 {[%clk 0:01:53]} 52. Qxb3 {[%clk 0:07:58]} Kg7
{[%clk 0:00:37]} 53. Kg2 {[%clk 0:08:19]} Qe7 {[%clk 0:00:32]} 54. Kh2
{[%clk 0:08:07]} Qd6 {[%clk 0:00:44]} 55. Kg2 {[%clk 0:08:22]} Ra8
{[%clk 0:00:44]} 56. Qc3 {[%clk 0:08:36]} Ra4 {[%clk 0:01:05]} 57. Qb3
{[%clk 0:08:48]} Ra8 {[%clk 0:00:40]} 58. Qc3 {[%clk 0:09:03]} Kg8
{[%clk 0:00:41]} 59. Qb3 {[%clk 0:09:11]} Qe7 {[%clk 0:00:40]} 60. Kh2
{[%clk 0:03:10]} Qa7 {[%clk 0:01:04]} 61. Qc3 {[%clk 0:02:29]} Qa4
{[%clk 0:01:19]} 62. Kg2 {[%clk 0:02:52]} Kg7 {[%clk 0:01:46]} 63. Kh2
{[%clk 0:01:21]} Ra6 {[%clk 0:01:17]} 64. Kg2 {[%clk 0:01:45]} Qa5
{[%clk 0:01:17]} 65. Qb3 {[%clk 0:01:54]} Ra8 {[%clk 0:00:40]} 66. Kh2
{[%clk 0:01:22]} Kg8 {[%clk 0:01:05]} 67. Kg2 {[%clk 0:01:35]} Qa6
{[%clk 0:01:32]} 68. Qc3 {[%clk 0:00:54]} Ra7 {[%clk 0:01:35]} 69. Qb3
{[%clk 0:01:11]} Kg7 {[%clk 0:01:45]} 70. Qc3 {[%clk 0:01:39]} Qa4
{[%clk 0:02:10]} 71. Kh2 {[%clk 0:01:47]} Ra5 {[%clk 0:02:39]} 72. Kg2
{[%clk 0:01:51]} Kf8 {[%clk 0:03:08]} 73. Kh2 {[%clk 0:01:21]} Ke8
{[%clk 0:03:35]} 74. Kg2 {[%clk 0:01:27]} Ra6 {[%clk 0:03:45]} 75. Qd3
{[%clk 0:01:41]} c5 {[%clk 0:02:11]} 76. dxc5 {[%clk 0:01:04]} Qe4+
{[%clk 0:02:40]} 77. Qxe4+ {[%clk 0:01:23]} dxe4 {[%clk 0:03:09]} 78. f3
{[%clk 0:01:13]} Kd7 {[%clk 0:03:32]} 79. fxe4 {[%clk 0:00:42]} Kc6
{[%clk 0:03:59]} 80. Kf3 {[%clk 0:00:54]} Kxc5 {[%clk 0:04:22]} 81. Kf4
{[%clk 0:00:34]} Kb4 {[%clk 0:04:39]} 82. Kg5 {[%clk 0:00:57]} Kb3
{[%clk 0:04:18]} 83. Ra1 {[%clk 0:01:26]} Kb2 {[%clk 0:04:33]} 84. Re1
{[%clk 0:01:54]} a2 {[%clk 0:03:26]} 85. Kh6 {[%clk 0:01:05]} a1=Q
{[%clk 0:03:23]} 86. Rxa1 {[%clk 0:01:34]} Rxa1 {[%clk 0:03:44]} 87. Kg7
{[%clk 0:02:02]} Rf1 {[%clk 0:04:06]} 88. e5 {[%clk 0:02:31]} Rf3
{[%clk 0:03:05]} 89. e4 {[%clk 0:02:53]} Kc3 {[%clk 0:03:27]} 0-1

[Event "Figueira 2023"]
[Site "?"]
[Date "2023.11.06"]
[Round "2.16"]
[White "Del Rio De Angelis, Salvador G."]
[Black "Goncalves, Samuel Jesus P"]
[Result "0-1"]
[BlackElo "2136"]
[WhiteElo "2424"]
[LiveChessVersion "1.4.8"]

1. d4 {[%clk 1:29:32]} Nf6 {[%clk 1:30:33]} 2. c4 {[%clk 1:29:46]} g6
{[%clk 1:30:44]} 3. d5 {[%clk 1:30:02]} Bg7 {[%clk 1:16:26]} 4. Nc3
{[%clk 1:30:06]} O-O {[%clk 1:15:38]} 5. Nf3 {[%clk 1:30:18]} d6 {[%clk 1:15:09]}
6. g3 {[%clk 1:30:33]} e6 {[%clk 1:15:01]} 7. Bg2 {[%clk 1:30:28]} Re8
{[%clk 1:13:44]} 8. Nd4 {[%clk 1:26:47]} exd5 {[%clk 1:12:14]} 9. cxd5
{[%clk 1:26:58]} Nbd7 {[%clk 1:07:36]} 10. O-O {[%clk 1:25:42]} Nc5
{[%clk 1:06:32]} 11. f3 {[%clk 1:25:51]} a5 {[%clk 1:04:28]} 12. e4
{[%clk 1:23:48]} c6 {[%clk 1:03:59]} 13. Kh1 {[%clk 1:07:59]} cxd5
{[%clk 1:00:57]} 14. exd5 {[%clk 1:08:16]} Qb6 {[%clk 0:52:17]} 15. Rb1
{[%clk 1:04:04]} h5 {[%clk 0:50:16]} 16. b3 {[%clk 1:01:42]} h4 {[%clk 0:45:05]}
17. g4 {[%clk 1:01:29]} Bd7 {[%clk 0:39:31]} 18. a4 {[%clk 0:50:32]} Re5
{[%clk 0:30:05]} 19. Ndb5 {[%clk 0:50:19]} Bxb5 {[%clk 0:25:46]} 20. axb5
{[%clk 0:50:21]} Ree8 {[%clk 0:25:37]} 21. Qd2 {[%clk 0:41:18]} Rac8
{[%clk 0:22:59]} 22. b4 {[%clk 0:36:24]} axb4 {[%clk 0:20:55]} 23. Rxb4
{[%clk 0:36:46]} Qa5 {[%clk 0:19:53]} 24. Rb1 {[%clk 0:36:50]} Nxg4
{[%clk 0:17:32]} 25. fxg4 {[%clk 0:37:13]} Qxc3 {[%clk 0:17:29]} 26. Qxc3
{[%clk 0:33:24]} Bxc3 {[%clk 0:17:53]} 27. Bf4 {[%clk 0:29:21]} Be5
{[%clk 0:14:48]} 28. Bg5 {[%clk 0:29:30]} h3 {[%clk 0:12:47]} 29. Bxh3
{[%clk 0:29:44]} Ne4 {[%clk 0:13:11]} 30. Be3 {[%clk 0:29:37]} Rc3
{[%clk 0:12:20]} 31. Rbe1 {[%clk 0:29:58]} Nf6 {[%clk 0:07:28]} 32. Bg5
{[%clk 0:15:49]} Nh7 {[%clk 0:06:33]} 33. Be3 {[%clk 0:16:05]} Bg7
{[%clk 0:06:18]} 34. Bf4 {[%clk 0:14:02]} Rxe1 {[%clk 0:06:40]} 35. Rxe1
{[%clk 0:14:28]} Rxh3 {[%clk 0:07:03]} 36. Bg3 {[%clk 0:14:50]} Nf6
{[%clk 0:06:14]} 37. Re7 {[%clk 0:14:53]} b6 {[%clk 0:06:14]} 38. Kg2
{[%clk 0:14:55]} Rh8 {[%clk 0:06:22]} 39. Bxd6 {[%clk 0:15:08]} Bf8
{[%clk 0:06:13]} 0-1

[Event "Figueira 2023"]
[Site "?"]
[Date "2023.11.06"]
[Round "2.17"]
[White "Koridze, Lile"]
[Black "Sidhant, Mohapatra"]
[Result "1/2-1/2"]
[BlackElo "2418"]
[WhiteElo "2161"]
[LiveChessVersion "1.4.8"]

1. d4 {[%clk 1:30:53]} Nf6 {[%clk 1:30:03]} 2. c4 {[%clk 1:31:18]} e6
{[%clk 1:30:26]} 3. Nf3 {[%clk 1:31:42]} d5 {[%clk 1:30:48]} 4. g3
{[%clk 1:31:58]} dxc4 {[%clk 1:30:22]} 5. Bg2 {[%clk 1:32:19]} a6
{[%clk 1:30:27]} 6. a4 {[%clk 1:28:00]} Nc6 {[%clk 1:29:26]} 7. O-O
{[%clk 1:17:46]} Rb8 {[%clk 1:28:29]} 8. Qc2 {[%clk 1:07:07]} b5 {[%clk 1:24:15]}
9. axb5 axb5 {[%clk 1:24:07]} 10. Nc3 {[%clk 0:54:49]} Be7 {[%clk 1:20:58]} 11.
Rd1 {[%clk 0:45:25]} Nb4 {[%clk 1:17:09]} 12. Qb1 {[%clk 0:45:35]} Bb7
{[%clk 1:16:06]} 13. Bf4 {[%clk 0:37:30]} O-O {[%clk 1:13:16]} 14. Ra7
{[%clk 0:33:20]} Nbd5 {[%clk 1:10:45]} 15. Be5 {[%clk 0:30:35]} Nxc3
{[%clk 1:05:04]} 16. bxc3 {[%clk 0:31:00]} Nd5 {[%clk 1:05:27]} 17. Rc1
{[%clk 0:29:10]} f6 {[%clk 1:04:24]} 18. Qxb5 {[%clk 0:24:11]} Ba8
{[%clk 1:02:30]} 19. Qxc4 {[%clk 0:24:16]} fxe5 {[%clk 1:02:10]} 20. Nxe5
{[%clk 0:24:40]} Bd6 {[%clk 0:51:21]} 21. Rxa8 {[%clk 0:22:12]} Rxa8
{[%clk 0:51:18]} 22. Bxd5 {[%clk 0:22:38]} exd5 {[%clk 0:51:41]} 23. Qxd5+
{[%clk 0:23:05]} Kh8 {[%clk 0:52:06]} 24. Nf7+ {[%clk 0:23:27]} Rxf7
{[%clk 0:52:31]} 25. Qxf7 {[%clk 0:23:54]} Qg5 {[%clk 0:52:16]} 26. e3
{[%clk 0:21:32]} Rf8 27. Qe6 {[%clk 0:20:53]} Qb5 {[%clk 0:51:24]} 28. c4
{[%clk 0:19:00]} Qb2 {[%clk 0:51:37]} 1/2-1/2

[Event "Figueira 2023"]
[Site "?"]
[Date "2023.11.06"]
[Round "2.18"]
[White "Olsen, Filip Boe"]
[Black "Gama, Edivaldo Jr"]
[Result "1-0"]
[BlackElo "2104"]
[WhiteElo "2416"]
[LiveChessVersion "1.4.8"]

1. Nf3 Nf6 2. c4 g6 3. g3 Bg7 4. Bg2 d5 5. cxd5 Nxd5 6. d4 O-O 7. O-O c5 8. e4
Nf6 9. e5 Nd5 10. dxc5 Nb4 11. Nc3 Nd3 12. Qe2 Nxc5 13. Rd1 Qa5 14. Nd5 Nc6 15.
Bd2 Qa6 16. Qe3 Ne6 17. a4 Qc4 18. Bc3 Rd8 19. Nd2 Qc5 20. Qxc5 Nxc5 21. b4 Ne6
22. Nc4 Re8 23. b5 Ncd8 24. Bb4 Bf8 25. Nd6 Bg7 26. Nc4 Nc5 27. Bd2 Nc6 1-0

[Event "Figueira 2023"]
[Site "?"]
[Date "2023.11.06"]
[Round "2.19"]
[White "Padeiro, Jose"]
[Black "Petkov, Vladimir"]
[Result "0-1"]
[BlackElo "2408"]
[WhiteElo "2121"]
[LiveChessVersion "1.4.8"]

1. c4 e5 2. g3 d6 3. Bg2 f5 4. Nc3 Nf6 5. d3 g6 6. e4 Bg7 7. Nge2 O-O 8. exf5
gxf5 9. O-O c6 10. d4 a5 11. b3 Na6 12. dxe5 dxe5 13. Qxd8 Rxd8 14. Na4 Be6 15.
Be3 Kf7 16. Rad1 Bf8 17. Nec3 Bb4 18. Rxd8 Rxd8 19. Rd1 Rxd1+ 20. Nxd1 Nd7 21.
Bc1 b5 22. Nab2 e4 23. Bf1 bxc4 24. Nxc4 Nac5 25. Ndb2 Bc3 26. Be2 Nb7 27. Na4
Bb4 28. Bf4 Bd5 29. h3 Ke6 30. g4 Nbc5 31. Nab2 Bc3 32. Nd1 Be5 33. Nxe5 Nxe5 34.
Ne3 fxg4 35. Nxg4 Ned3 36. Bd2 a4 37. b4 Na6 38. a3 Nc7 39. Ne3 Nb5 40. Bxd3 exd3
41. Bc1 Nd4 42. Kf1 Nf3 43. Bb2 h5 44. Bc3 h4 45. Nd1 Bc4 46. Kg2 Ng5 47. f3 Bd5
48. Kf2 Nxh3+ 49. Ke3 Ng5 50. Nf2 Bxf3 51. Nxd3 Bd1 52. Kf4 Nf7 53. Be1 h3 54.
Kg3 Nd6 55. Nb2 Bb3 56. Kxh3 Nb5 57. Kg3 Nxa3 58. Kf4 Kd5 59. Bc3 Nc2 60. Nd1 Kc4
61. Bf6 Nxb4 62. Ne3+ Kd3 63. Bg7 a3 64. Ng4 c5 65. Nf2+ Kc2 66. Ke5 c4 67. Kd4
a2 0-1

[Event "Figueira 2023"]
[Site "?"]
[Date "2023.11.06"]
[Round "2.20"]
[White "Dhulipalla, Bala Chandra Prasad"]
[Black "Raghav, V"]
[Result "1-0"]
[BlackElo "1797"]
[WhiteElo "2408"]
[LiveChessVersion "1.4.8"]

1. c4 Nf6 2. g3 e6 3. Bg2 d5 4. Nf3 d4 5. d3 Nc6 6. O-O Bc5 7. Nbd2 a5 8. Nb3 Ba7
9. Bd2 a4 10. Na5 Nxa5 11. Bxa5 O-O 12. Bb4 c5 13. Ba3 Bb6 14. b4 axb3 15. axb3
Re8 16. b4 Nd7 17. Qb3 Qc7 18. Nd2 e5 19. Ne4 Rb8 20. bxc5 Ba7 21. Nd6 Re6 22.
Nb5 Nxc5 23. Bxc5 Qxc5 24. Rxa7 Ra6 25. Rb1 Rxa7 26. Nxa7 Qxa7 27. Qb5 Bg4 28.
Qxe5 Rd8 29. Qg5 Kf8 30. Qxd8# 1-0

[Event "Figueira 2023"]
[Site "?"]
[Date "2023.11.06"]
[Round "2.21"]
[White "Andias, Joao Pedro Menezes"]
[Black "Sieciechowicz, Marcin"]
[Result "0-1"]
[BlackElo "2407"]
[WhiteElo "2069"]
[LiveChessVersion "1.4.8"]

1. e4 e6 2. Qe2 c5 3. Nf3 Nc6 4. g3 g6 5. Bg2 Bg7 6. O-O Nge7 7. c3 O-O 8. d3 b6
9. a4 Bb7 10. Na3 d6 11. h4 Qd7 12. h5 Na5 13. h6 Bh8 14. Qc2 Bc6 15. Nc4 Nxc4
16. dxc4 Rad8 17. Bg5 f6 18. Bf4 g5 19. Be3 Qe8 20. Bh3 Bd7 21. Rfd1 Qh5 22. Rxd6
Qxh3 23. Rad1 e5 24. Nh2 Nc6 25. R1d2 Nd4 26. cxd4 exd4 27. Bxd4 Bxa4 28. Qxa4
Rxd6 29. Bxc5 Rxd2 30. Bxf8 Qd7 31. Qxd7 Rxd7 {[%clk 0:10:59]} 32. Ba3
{[%clk 0:02:20]} Rd4 {[%clk 0:10:37]} 33. Nf1 {[%clk 0:00:59]} Rxc4
{[%clk 0:09:31]} 34. Ne3 Rxe4 35. Nf5 Re1+ 36. Kg2 g4 37. Bb4 Re5 38. Ne7+ Rxe7
39. Bxe7 Kf7 40. Ba3 Kg6 41. b4 a5 42. bxa5 bxa5 43. Bb2 {[%clk 0:16:52]} Kxh6
{[%clk 0:36:45]} 44. f3 {[%clk 0:15:32]} Kg5 {[%clk 0:36:56]} 45. Kf2 gxf3 46.
Kxf3 h5 47. Bc3 {[%clk 0:09:01]} a4 {[%clk 0:37:49]} 48. Bd4 {[%clk 0:08:02]} a3
{[%clk 0:37:38]} 49. Bc5 {[%clk 0:08:26]} a2 {[%clk 0:38:01]} 50. Bd4
{[%clk 0:07:54]} Bg7 {[%clk 0:38:17]} 0-1

[Event "Figueira 2023"]
[Site "?"]
[Date "2023.11.06"]
[Round "2.22"]
[White "Silva, Reinaldo"]
[Black "Romanishin, Oleg M"]
[Result "0-1"]
[BlackElo "2389"]
[WhiteElo "1755"]
[LiveChessVersion "1.4.8"]

1. Nf3 {[%clk 1:27:25]} Nf6 {[%clk 1:30:53]} 2. e3 {[%clk 1:27:34]} g6
{[%clk 1:29:59]} 3. d4 {[%clk 1:26:38]} Bg7 {[%clk 1:29:57]} 4. b3
{[%clk 1:26:50]} c5 {[%clk 1:27:56]} 5. Bd3 {[%clk 1:22:56]} O-O {[%clk 1:24:32]}
6. Bb2 {[%clk 1:23:11]} d5 {[%clk 1:21:43]} 7. Nbd2 {[%clk 1:22:13]} Nc6
{[%clk 1:18:07]} 8. a3 {[%clk 1:19:35]} cxd4 {[%clk 0:59:35]} 9. Nxd4
{[%clk 1:08:58]} Qc7 {[%clk 0:57:54]} 10. N2f3 {[%clk 0:50:22]} Ne4
{[%clk 0:55:47]} 11. O-O {[%clk 0:43:56]} Bg4 {[%clk 0:47:49]} 12. Be2
{[%clk 0:35:51]} Bxf3 {[%clk 0:46:41]} 13. Bxf3 {[%clk 0:34:46]} Nxd4
{[%clk 0:46:42]} 14. exd4 {[%clk 0:28:58]} Nf6 {[%clk 0:44:34]} 15. Qe2
{[%clk 0:24:50]} Rac8 {[%clk 0:43:46]} 16. c3 {[%clk 0:20:09]} e6
{[%clk 0:43:21]} 17. a4 {[%clk 0:16:52]} Rfd8 {[%clk 0:42:09]} 18. Rfc1
{[%clk 0:16:25]} Ne8 {[%clk 0:33:09]} 19. Rab1 {[%clk 0:13:26]} Nd6
{[%clk 0:31:51]} 20. h4 {[%clk 0:11:06]} Bh6 {[%clk 0:28:52]} 21. Rd1
{[%clk 0:09:09]} a6 {[%clk 0:26:20]} 22. h5 {[%clk 0:07:14]} b5 {[%clk 0:26:23]}
23. axb5 {[%clk 0:06:30]} axb5 {[%clk 0:26:34]} 24. Rd3 {[%clk 0:06:28]} Ra8
{[%clk 0:26:31]} 25. Bc1 {[%clk 0:06:40]} Bxc1 {[%clk 0:26:07]} 26. Rxc1
{[%clk 0:07:08]} Ra3 {[%clk 0:22:46]} 27. hxg6 {[%clk 0:06:03]} hxg6
{[%clk 0:22:39]} 28. Qe5 {[%clk 0:06:08]} Ne8 {[%clk 0:20:57]} 29. Qg5
{[%clk 0:05:36]} Rda8 {[%clk 0:20:00]} 30. Bd1 {[%clk 0:04:18]} Qd8
{[%clk 0:18:44]} 31. Qh6 {[%clk 0:03:52]} Qf6 {[%clk 0:18:57]} 32. Rf3
{[%clk 0:02:52]} Qg7 {[%clk 0:18:42]} 33. Qf4 {[%clk 0:03:11]} Ra1
{[%clk 0:17:37]} 34. g3 {[%clk 0:03:35]} Rxc1 {[%clk 0:16:27]} 35. Qxc1
{[%clk 0:04:03]} Nd6 {[%clk 0:16:44]} 36. Be2 {[%clk 0:04:14]} Qf8
{[%clk 0:13:37]} 37. Kg2 {[%clk 0:04:06]} Qe7 {[%clk 0:13:02]} 38. Qh6
{[%clk 0:03:29]} Nf5 {[%clk 0:09:55]} 39. Qf4 {[%clk 0:02:44]} b4
{[%clk 0:08:53]} 40. c4 {[%clk 0:31:09]} Qd6 {[%clk 0:37:30]} 41. Qxd6
{[%clk 0:24:42]} Nxd6 {[%clk 0:36:03]} 42. c5 {[%clk 0:17:45]} Nf5
{[%clk 0:36:08]} 43. Rd3 {[%clk 0:18:02]} Ra2 {[%clk 0:35:09]} 44. Bd1
{[%clk 0:16:45]} Kg7 {[%clk 0:33:32]} 45. g4 {[%clk 0:15:52]} Ne7
{[%clk 0:33:38]} 46. Kg3 {[%clk 0:15:33]} g5 {[%clk 0:27:21]} 47. f4
{[%clk 0:13:18]} gxf4+ {[%clk 0:27:38]} 48. Kxf4 {[%clk 0:13:38]} Nc6
{[%clk 0:28:03]} 49. Ke3 {[%clk 0:10:36]} Kf6 {[%clk 0:27:16]} 50. Bf3
{[%clk 0:09:00]} Rb2 {[%clk 0:25:55]} 51. Kf4 {[%clk 0:08:11]} Kg6
{[%clk 0:20:01]} 52. Bd1 {[%clk 0:07:39]} f6 {[%clk 0:20:18]} 53. Kg3
{[%clk 0:07:26]} Kg5 {[%clk 0:20:08]} 54. Kh3 {[%clk 0:07:14]} Rf2 55. Bf3
{[%clk 0:06:32]} Rc2 {[%clk 0:13:34]} 56. Rd1 {[%clk 0:03:00]} Rc3
{[%clk 0:13:20]} 57. Kg2 {[%clk 0:02:28]} Rxb3 {[%clk 0:09:56]} 58. Be2
{[%clk 0:02:56]} Rc3 {[%clk 0:07:52]} 59. Bb5 {[%clk 0:02:52]} Na5
{[%clk 0:08:08]} 60. Ra1 {[%clk 0:02:59]} b3 {[%clk 0:07:14]} 61. Rb1
{[%clk 0:03:09]} Rc2+ {[%clk 0:05:57]} 62. Kg3 {[%clk 0:02:13]} b2
{[%clk 0:05:24]} 63. Ba4 {[%clk 0:01:39]} Rc4 {[%clk 0:04:36]} 64. Bd7
{[%clk 0:01:59]} Rc3+ {[%clk 0:04:38]} 65. Kg2 {[%clk 0:02:03]} Rc2+
{[%clk 0:04:46]} 66. Kg3 {[%clk 0:02:31]} Nb3 {[%clk 0:02:46]} 67. Bxe6
{[%clk 0:01:23]} Nd2 {[%clk 0:01:58]} 68. Rh1 {[%clk 0:01:38]} Rc3+
{[%clk 0:02:02]} 69. Kf2 {[%clk 0:01:43]} b1=Q {[%clk 0:02:20]} 70. Rh5+
{[%clk 0:02:11]} Kf4 {[%clk 0:02:38]} 71. Rf5+ {[%clk 0:00:42]} Qxf5
{[%clk 0:03:00]} 0-1